Una carmelita en Flandes : (Record n. 3347)

Dettagli MARC
000 -LEADER
fixed length control field 01341nam a2200241 i 4500
003 - CONTROL NUMBER IDENTIFIER
control field IT-RoINE
005 - DATE AND TIME OF LATEST TRANSACTION
control field 20211223125226.0
008 - FIXED-LENGTH DATA ELEMENTS--GENERAL INFORMATION
fixed length control field 090318s2008 sp |||||r |00|||bspa|d
020 ## - INTERNATIONAL STANDARD BOOK NUMBER
International Standard Book Number 8493272884
040 ## - CATALOGING SOURCE
Original cataloging agency UPSA
Transcribing agency IT-RoINE
Modifying agency IT-RoINE
100 1# - MAIN ENTRY--PERSONAL NAME
Personal name Yuste, Belén
9 (RLIN) 6723
245 14 - TITLE STATEMENT
Title Una carmelita en Flandes :
Remainder of title vida de Ana de San Bartolomé : compañera inseparable de Teresa de Jesús (1549-1626) /
Statement of responsibility, etc Belén Yuste, Sonnia L. Rivas-Caballero.
250 ## - EDITION STATEMENT
Edition statement 2ª ed.
260 ## - PUBLICATION, DISTRIBUTION, ETC. (IMPRINT)
Place of publication, distribution, etc Madrid :
Name of publisher, distributor, etc Edicel Centro Bíblico Católico,
Date of publication, distribution, etc 2008.
300 ## - PHYSICAL DESCRIPTION
Extent 239 p., [16] p. de lám.:
Other physical details il. ;
Dimensions 22 cm.
336 ## - CONTENT TYPE
Source rdacontent
Content type term text
337 ## - MEDIA TYPE
Source rdamedia
Media type term unmediated
338 ## - CARRIER TYPE
Source rdacarrier
Carrier type term volume
520 ## - SUMMARY, ETC.
Summary, etc La interesante vida de una carmelita que vivió y cruzó los siglos a la sombra de Teresa de Jesús. Fue su enfermera, su secretaria, su confidente y entre sus brazos murió la gran Santa abulense. Expandió el Carmelo Teresiano en Francia y Flandes y fue amiga y consejera de la hija de Felipe II, la infanta Isabel Clara Eugenia, gobernadora de los Paises Bajos. Murió en Amberes con fama de santidad, arropada por el cariño popular y el reconocimiento de grandes personajes de la época.
600 04 - SUBJECT ADDED ENTRY--PERSONAL NAME
Personal name Ana de San Bartolomé,
Titles and other words associated with a name Beata,
9 (RLIN) 977
Dates associated with a name 1549-1626
General subdivision Biografía
700 1# - ADDED ENTRY--PERSONAL NAME
Personal name Rivas-Caballero, Sonnia L.
9 (RLIN) 6724
942 ## - ADDED ENTRY ELEMENTS (KOHA)
Item type Monografías
Dati di copia
Withdrawn status Lost status Damaged status Not for loan Home library Current library Date acquired Total Checkouts Full call number Barcode Date last seen Date last borrowed Price effective from Koha item type
        Iglesia Nacional Española en Roma Iglesia Nacional Española en Roma 24/04/2014 1 BIO 1364 3804 09/12/2022 05/12/2022 24/04/2014 Monografías